01646nam a2200265 a 4500001000400000003001000004005001700014008004100031040002500072080003100097090003000128245026900158260003100427300002600458504018600484650009400670650009900764700004100863700004800904942001300952952013400965952013401099952013401233999001301367647BR-CuiBMT20231112014746.0231111s2009 baba d 000 0 por d aBR-CuiBMTcBR-CuiBMT 22007a336.14x(100)x(038) dRa336.14(100)(038)bG563 0aGlossário :bpalavras e expressões da língua inglesa utilizadas em contratos de empréstimos internacionais -BID e BIRD /c[autores Ana Paula Soares de Lima ... et. al. ; orientador Maria Telma Queiroz Britto ; Projeto gráfico Solisluna Design e Editora]. aSalvador :bTCE-BA,c2009. a74 p. :bil. ;c17 cm a"Trabalho de Conclusão de Curso da 1ª Turma do Curso de Inglês Instrumental, realizado com a carga horária de 360 horas-aula, no período de agosto 2007 a dezembro de 2008". aOrçamento público xVocabulários, glossários etc.xInglês - PortuguêszBrasil aOrçamento público internacionalxVocabulários, glossários etc.xInglês - Português1 aBritto, Maria Telma Queiroz4orient.1 aLima, Ana Paula Soares de eet al.eautores 2udccREF 00102udc4070aBIBTCEMTbBIBTCEMTd2023-11-12l0oR 336.14(100)(038) G563pBIBTCEMT23110469r2023-11-12tEx. 1w2023-11-12yREF 00102udc4070aBIBTCEMTbBIBTCEMTd2010-04-13l0oR 336.14(100)(038) G563pBIBTCEMT23120711r2023-12-16tEx. 2w2010-04-13yREF 00102udc4070aBIBTCEMTbBIBTCEMTd2010-04-13l0oR 336.14(100)(038) G563pBIBTCEMT23120712r2023-12-16tEx. 3w2010-04-13yREF c647d647